MARC details
| 000 -LEADER |
| fixed length control field |
03766cam a22004098i 4500 |
| 001 - CONTROL NUMBER |
| control field |
21693493 |
| 003 - CONTROL NUMBER IDENTIFIER |
| control field |
CSPC |
| 005 - DATE AND TIME OF LATEST TRANSACTION |
| control field |
20250903152330.0 |
| 008 - FIXED-LENGTH DATA ELEMENTS--GENERAL INFORMATION |
| fixed length control field |
200827s2021 nyu b 001 0 eng |
| 010 ## - LIBRARY OF CONGRESS CONTROL NUMBER |
| LC control number |
2020039037 |
| 020 ## - INTERNATIONAL STANDARD BOOK NUMBER |
| International Standard Book Number |
9780367698935 |
| 035 ## - SYSTEM CONTROL NUMBER |
| System control number |
21693493 |
| 040 ## - CATALOGING SOURCE |
| Original cataloging agency |
DLC |
| Language of cataloging |
eng |
| Description conventions |
rda |
| Transcribing agency |
DLC |
| Modifying agency |
CSPC |
| 042 ## - AUTHENTICATION CODE |
| Authentication code |
pcc |
| 050 00 - LIBRARY OF CONGRESS CALL NUMBER |
| Classification number |
HD57.7 |
| Item number |
.K564 2021 |
| 082 00 - DEWEY DECIMAL CLASSIFICATION NUMBER |
| Classification number |
174.4 |
| Item number |
K748l |
| Edition number |
23 |
| 100 1# - MAIN ENTRY--PERSONAL NAME |
| Personal name |
Knights, David, |
| Dates associated with a name |
1940- |
| Relator term |
author. |
| 245 10 - TITLE STATEMENT |
| Title |
Leadership, gender and ethics : |
| Remainder of title |
embodied reason in challenging masculinities / |
| Statement of responsibility, etc. |
David Knights. |
| 263 ## - PROJECTED PUBLICATION DATE |
| Projected publication date |
2104 |
| 264 #1 - PRODUCTION, PUBLICATION, DISTRIBUTION, MANUFACTURE, AND COPYRIGHT NOTICE |
| Place of production, publication, distribution, manufacture |
New York, NY ; |
| -- |
Abingdon, Oxon : |
| Name of producer, publisher, distributor, manufacturer |
Routledge, |
| Date of production, publication, distribution, manufacture, or copyright notice |
2021. |
| 300 ## - PHYSICAL DESCRIPTION |
| Extent |
x, 280 pages ; |
| Dimensions |
23 cm. |
| 336 ## - CONTENT TYPE |
| Content type term |
text |
| Content type code |
txt |
| Source |
rdacontent |
| 337 ## - MEDIA TYPE |
| Media type term |
unmediated |
| Media type code |
n |
| Source |
rdamedia |
| 338 ## - CARRIER TYPE |
| Carrier type term |
volume |
| Carrier type code |
nc |
| Source |
rdacarrier |
| 490 0# - SERIES STATEMENT |
| Series statement |
Routledge studies in leadership research ; |
| Volume/sequential designation |
18 |
| 504 ## - BIBLIOGRAPHY, ETC. NOTE |
| Bibliography, etc. note |
Includes bibliographical references and index. |
| 505 0# - FORMATTED CONTENTS NOTE |
| Formatted contents note |
Introduction -- Part I. Leadership: an overview -- Reflecting on leadership studies -- Genealogies of leadership in practice and theory -- Part II. Conceptual reflections on leadership, ethics, and masculinity -- Identity and leadership -- Power/resistance -- Diversity/ gender and leadership -- Embodied reason and affective leadership -- Ethics and leadership -- Part III. Empirical illustrations of leadership, ethics and masculinity -- Academia and education -- Change, innovation and technology -- Financial sector -- Postscript: masculinities in a pandemic. |
| 520 ## - SUMMARY, ETC. |
| Summary, etc. |
"This book has a clear concern to offer a distinctive way of studying leadership so that it might be practiced differently. It is distinctive in focusing on contemporary concerns about gender and ethics. More precisely, it examines the masculinity of leadership and how through an embodied form of reasoning, it might be challenged or disrupted. A central argument of the book is that masculine leadership elevates rationality in ways that marginalise the body and feelings and often has the effect of sanctioning unethical behaviour. In exploring this thesis, Leadership, Gender and Ethics: Embodied Reason in Challenging Masculinities provides an analysis of the comparatively neglected issues of identity/anxiety, power/resistance, diversity/gender, and the body/ masculinities surrounding the concept and practice of leadership. It also illustrates the arguments of the book by examining leadership through an empirical examination of academic life, organization change and innovation, and the global financial crisis of 2008. In a postscript, it analyses some examples of masculine leadership in the global pandemic of 2020. This book will be of interest generally to researchers, academics and students in the field of leadership and management and will be of special interest to those who seek to understand the intersections between leadership and gender, ethics and embodied approaches. It will also appeal to those who seek to develop new ways of thinking and theorizing about leadership in terms of identities and insecurities, power and masculinity, ethics and the body. Its insights might not only change studies but also practices of leadership"-- |
| Assigning source |
Provided by publisher. |
| 650 #0 - SUBJECT ADDED ENTRY--TOPICAL TERM |
| Topical term or geographic name entry element |
Leadership |
| General subdivision |
Moral and ethical aspects. |
| 650 #0 - SUBJECT ADDED ENTRY--TOPICAL TERM |
| Topical term or geographic name entry element |
Leadership |
| General subdivision |
Sex differences. |
| 650 #0 - SUBJECT ADDED ENTRY--TOPICAL TERM |
| Topical term or geographic name entry element |
Masculinity. |
| 776 08 - ADDITIONAL PHYSICAL FORM ENTRY |
| Relationship information |
Online version: |
| Main entry heading |
Knights, David, 1940- |
| Title |
Leadership, gender and ethics |
| Place, publisher, and date of publication |
New York, NY : Routledge, 2021. |
| International Standard Book Number |
9781351030342 |
| Record control number |
(DLC) 2020039038 |
| 906 ## - LOCAL DATA ELEMENT F, LDF (RLIN) |
| a |
7 |
| b |
cbc |
| c |
orignew |
| d |
1 |
| e |
ecip |
| f |
20 |
| g |
y-gencatlg |
| 942 ## - ADDED ENTRY ELEMENTS (KOHA) |
| Source of classification or shelving scheme |
Dewey Decimal Classification |
| Koha item type |
Books |
| Edition |
23 |
| Classification part |
174.4 |
| Item part |
K748l |
| Call number prefix |
GRD |
| Call number suffix |
2021 |
| Suppress in OPAC |
No |